Normal view
MARC view
- المرسي،كمال الدين عبد الغني
Entry Personal Name
001 - CONTROL NUMBER
- control field: 16568
003 - CONTROL NUMBER IDENTIFIER
- control field: JO-AjAnu
005 - DATE AND TIME OF LATEST TRANSACTION
- control field: 20230606072937.0
008 - FIXED-LENGTH DATA ELEMENTS
- fixed length control field: 230606|| aca||aabn | a|a d
040 ## - CATALOGING SOURCE
- Original cataloging agency: JO-AjAnu
- Transcribing agency: JO-AjAnu
100 ## - HEADING--PERSONAL NAME
- Personal name: المرسي،كمال الدين عبد الغني
670 ## - SOURCE DATA FOUND
- Source citation: Work cat.: (JO-AjAnu)8509: المرسي،كمال الدين عبد الغني, author, الخروج من فخ العولمة = Out of the globalization trap